000 00482nam a22001817a 4500
005 20240718110824.0
008 240718b |||||||| |||| 00| 0 eng d
020 _a9789332518629
082 _a629.83
_bDRO-M
100 _aRichard C.Drof
245 _aModern Control Systems /
_cRobert H.Bishop
260 _aIndia:
_bPearson;
_c2014.
300 _axiv, 1043 p. :
_bill;
_c24 cm.
500 _ainclude index
650 _aNetworking
700 _aRobert H.Bishop
999 _c36134
_d36134